Vplyv globalizácie na vývoj medzinárodného obchodu a význam cirkulárnej ekonomiky
Význam cirkulárnej ekonomiky v medzinárodnom obchode, príčiny jej vzniku v dôsledku vývoja globalizácie. Jej podstata, vplyv a možné konzekvencie jej implementácie na medzinárodných trhoch. Model cirkulárnej ekonomiky. Benefity a dopady cirkulárnej ekonomiky na medzinárodný obchod.
Uložené v:
| Hlavný autor: | |
|---|---|
| Ďalší autori: | |
| Médium: | Kapitola |
| Jazyk: | Slovak |
| Predmet: | |
| Tagy: |
Žiadne tagy, Buďte prvý, kto otaguje tento záznam!
|
MARC
| LEADER | 00000naa a2200000 4500 | ||
|---|---|---|---|
| 001 | 0267965 | ||
| 005 | 20240502074214.8 | ||
| 041 | 0 | |a slo | |
| 044 | |a SK | ||
| 245 | 1 | 0 | |a Vplyv globalizácie na vývoj medzinárodného obchodu a význam cirkulárnej ekonomiky |c Otília Zorkóciová, Hana Palušková |
| 520 | |a Význam cirkulárnej ekonomiky v medzinárodnom obchode, príčiny jej vzniku v dôsledku vývoja globalizácie. Jej podstata, vplyv a možné konzekvencie jej implementácie na medzinárodných trhoch. Model cirkulárnej ekonomiky. Benefity a dopady cirkulárnej ekonomiky na medzinárodný obchod. | ||
| 610 | 2 | 0 | |a ekonomika ekologická |
| 610 | 2 | 0 | |a ekonomika environmentálna |
| 610 | 2 | 0 | |a globalizácia |
| 610 | 2 | 0 | |a obchod medzinárodný |
| 610 | 2 | 0 | |a rozvoj trvalo udržateľný |
| 610 | 2 | 0 | |a hospodárstvo obehové |
| 100 | 1 | |a Zorkóciová, Otília, 1954- | |
| 700 | 1 | |a Palušková, Hana | |